Zgadnij piosenke Chivasa po jednym wersie! - Statystyki

Ogólne statystyki
  • Ten quiz został rozwiązany 27 razy
  • Średni wynik to 10 z 20
Statystyki odpowiedzi
Tekst Piosenka Album % Poprawnych
Co jest przeklęte, no bo jestem dzieckiem przekleństw Anyżowe żelki Młody Say10
94%
No i przy tym wszystkim zostałem ojcem roku Prawie straciłem głos Lato 2024
89%
Gdy wszystko co złe, to moje ADHD GEN D DWADZIESCIASIEDEM.
72%
Twoje przekleństwa są słodkie tak jak soczek Mam Na Twarzy Krew I Tym Razem Nie Jest Sztuczna Nauczyłem się przeklinać
72%
Nie szukam przyjaźni, miłości czy koleżanki Narcyz Młody Say10
72%
Kocham mój pokój — bo w tym pokoju tylko ja noWy baTmAN Deathcore
72%
No bo przecież robiliśmy na niej kółka StaRlink Deathcore
67%
Strasznie mnie rozbolał brzuch, zrobiłem z niego aptekę RysunKOwY PoTwóR Deathcore
61%
Zadzwoń po ratunek (ale nie dla mnie) 5 milionów influencerek Lato 2024
56%
Mam na twarzy krew, no i śnieżnobiałą pościel OPIUM! Deathcore
56%
Pozdrawiam swoje miasto, ulice uczą bardzo To nie koniec Nauczyłem się przeklinać
50%
Nawet Bóg już zrozumiał, że nie potrafię się żegnać TYLKO DIAMENTY SĄ NA ZAWSZE DWADZIESCIASIEDEM.
50%
Jakiś demon w głowie mi się huśta Charger Nauczyłem się przeklinać
44%
Kupuje sobie Red Bull'e te kokosowe Jakbym miał w ręku klamkę Nauczyłem się przeklinać
33%
Takie trochę sus, trochę sussy mam chyba za drogie auto Młody Say10
33%
Demony się czają tuż-tuż Palenie zabija Nauczyłem się przeklinać
28%
(Jak jedziesz, pedale, ty!) MAXFACTOR -
22%
Serio, nawet ja to wiem bo mi powiedział kolega nie wiem co robię w młodych wilkach Popkiller Młode Wilki 8
22%
Widzę przez zamknięte powieki, ej VROOM -
17%
To czuje się, jakbym chodził do Amerykańskiej szkoły NAWET NIE WIESZ JAK BARDZO CHCIAŁBYM MÓC TO POCZUĆ JESZCZE RAZ DWADZIESCIASIEDEM.
0%
Nie znaleziono quizów pasujących do podanych kryteriów
Rozkład punktacji
Procent ludzi z każdym wynikiem
Percentyl według liczby udzielonych odpowiedzi
Twoja historia wyników
Nie rozwiązałeś tego quizu